More bez odlivu

Bibliographic Details
Main Author: Reisel, Vladimír, 1919-2007 (Author)
Format: Book
Language:English
PhysicalDescription:130, 6 s.
Published: Bratislava Slovenský spisovateľ 1960
Edition:1. vyd.

MARC

LEADER 00000nam a2200000 a 4500
001 vtls008187058
003 SK-MaSNL
005 20260302003419.0
008 240318 xo 000 0 eng
040 |a SNK  |b slo  |c SNK  |e AACR2 
044 |a xo  |c SK 
100 1 |a Reisel, Vladimír,  |d 1919-2007  |4 aut  |9 108091 
245 1 0 |a More bez odlivu 
250 |a 1. vyd. 
260 |a Bratislava  |b Slovenský spisovateľ  |c 1960 
300 |a 130, 6 s. 
999 |c 991921  |d 993851 
952 |a SNKLM  |b SNKLM  |y NEVYP  |7 0  |o snklmMK 3104  |8 3  |0 0  |1 0  |4 0  |d 2006-03-23  |l 0  |r 2026-02-24 11:52:31  |w 2026-02-24